[Event "Geneva Masters GpB 2013"]
[Site "Geneva SUI"]
[Date "2013.06.27"]
[Round "2.1"]
[White "Edouard,R"]
[Black "Bacrot,E"]
[Result "1/2-1/2"]
[WhiteElo "2666"]
[BlackElo "2725"]

1.e4 e5 2.Nf3 Nc6 3.Bb5 Nf6 4.d3 Bc5 5.Bxc6 dxc6 6.Nbd2 Be6 7.O-O Nd7 8.Nb3 Be7
9.d4 f6 10.c3 O-O 11.Be3 a5 12.h3 Bd6 13.Nbd2 Qe8 14.dxe5 Nxe5 15.Nd4 Nc4
16.Nxe6 Qxe6 17.Nxc4 Qxc4 18.f3  1/2-1/2

[Event "17th Corsican Circuit Final"]
[Site "Bastia FRA"]
[Date "2013.10.20"]
[Round "1.2"]
[White "Dimitrov,R"]
[Black "Bacrot,E"]
[Result "0-1"]
[WhiteElo "2445"]
[BlackElo "2730"]

1.c4 Nf6 2.Nc3 g6 3.g3 Bg7 4.Bg2 O-O 5.d3 c5 6.e3 Nc6 7.Nge2 e6 8.O-O d5
9.cxd5 exd5 10.d4 cxd4 11.exd4 Re8 12.Nf4 Bg4 13.Qa4 Bd7 14.Qd1 Bg4 15.Qa4 Bd7
16.Qb3 Nxd4 17.Qxb7 Bc6 18.Qa6 Ne4 19.Rd1 Qc8 20.Qxc8 Raxc8 21.Nfxd5 Nxc3
22.Nxc3 Nf3+ 23.Kh1 Bxc3 24.bxc3 Ba4 25.Rf1 Bb5 26.Rd1 Ba4 27.Be3 Bxd1 28.Rxd1 Ne5
29.Bxa7 Rxc3 30.Bd4 Rd3 31.Rxd3 Nxd3 32.Be3 Nb4 33.h4 Nxa2 34.Kh2 Nc3 35.h5 gxh5
36.Bf3 Re5 37.Kh3 Rf5 38.Kg2 Nd5 39.Bd2 Nf6 40.Be2 Ng4 41.f3 Nf6 42.Bc3 Nd7
43.Kh3 Rc5 44.Bd4 Rd5 45.Bc3 Nf8 46.f4 Ng6 47.Bf6 Rf5 48.Bh4 Rxf4 49.gxf4 Nxf4+
50.Kg3 Nxe2+ 51.Kf3 Nd4+ 52.Ke4 Ne6 53.Kf5 h6 54.Be7 Nf8 55.Bf6 Ng6 56.Bd8 Kf8
57.Bf6 Ne7+ 58.Ke4 Ng8 59.Bh4 f6 60.Bg3 Kf7 61.Kf3 Ne7 62.Bf4 Kg6 63.Kg3 Nf5+
64.Kh3 Kf7 65.Bd2 Kg6 66.Bf4 Ng7 67.Kh4 Ne6 68.Be3 f5 69.Kg3 Nc7 70.Bf4 Nd5
71.Bd2 Nf6 72.Bf4 Ne4+ 73.Kh4 Nc3 74.Bd2 Ne2 75.Kh3 f4 76.Kh4 f3 77.Be3 Kf5
78.Kxh5 Ng3+ 79.Kxh6 Ke4 80.Bf2 Nh1 81.Bg1 Kf4 82.Kg6 Kg3 83.Kf5 Nf2 84.Ke5 Kg2
85.Kf4 Nh3+  0-1

[Event "17th Corsican Circuit Final"]
[Site "Bastia FRA"]
[Date "2013.10.20"]
[Round "1.1"]
[White "Bacrot,E"]
[Black "Dimitrov,R"]
[Result "1-0"]
[WhiteElo "2730"]
[BlackElo "2445"]

1.d4 c5 2.d5 e5 3.c4 d6 4.Nc3 Be7 5.g3 Nf6 6.Bg2 O-O 7.e4 Ne8 8.Nf3 g6 9.Bh6 Ng7
10.h4 Nd7 11.Ng5 Nf6 12.Bf3 Nfe8 13.Qd2 f6 14.Ne6 Bxe6 15.dxe6 Nc7 16.h5 Ncxe6
17.hxg6 hxg6 18.Bg4 f5 19.Bxg7 Nxg7 20.Qd5+ Rf7 21.exf5 gxf5 22.Bh5 Nxh5
23.Rxh5 Qd7 24.Ke2 Bf6 25.Rah1 Re8 26.Nb5 Qc6 27.Nxd6 Qxd5 28.cxd5 Rd8 29.Nxf7 Kxf7
30.Rxf5 Rxd5 31.g4 Kg6 32.Rd1 Rd4 33.Rxd4 cxd4 34.Kd3  1-0

[Event "17th Corsican Circuit Final"]
[Site "Bastia FRA"]
[Date "2013.10.21"]
[Round "2.1"]
[White "Bacrot,E"]
[Black "Saric,Iv"]
[Result "0-1"]
[WhiteElo "2730"]
[BlackElo "2628"]

1.d4 Nf6 2.Nf3 g6 3.c4 Bg7 4.g3 c6 5.Qa4 O-O 6.Bg2 d5 7.O-O Nfd7 8.Qc2 dxc4
9.Qxc4 e5 10.dxe5 Nxe5 11.Nxe5 Bxe5 12.Nd2 Be6 13.Qc2 Bg7 14.Rd1 Nd7 15.Nc4 Qe7
16.Be3 Rfd8 17.Nd6 Nb6 18.Bc5 Nc4 19.Ne4 Qc7 20.b3 b6 21.Bb4 Ne5 22.Bd6 Qb7
23.Rac1 Bd5 24.Ba3 Rd7 25.Bh3 f5 26.Nc3 Be6 27.Rxd7 Qxd7 28.Rd1 Qe8 29.Bg2 Rd8
30.Bb2 Rxd1+ 31.Nxd1 c5 32.e4 Qd7 33.Ne3 Qd3 34.Qxd3 Nxd3 35.Bxg7 Kxg7 36.exf5 gxf5
37.Bd5 Kf6 38.Bxe6 Kxe6 39.Nd1 b5 40.Kf1 Nc1 41.a4 b4 42.Ne3 Nxb3 43.Ke2 Na5
44.Kd3 c4+ 45.Nxc4 Nxc4 46.Kxc4 a5 47.f3 Ke5 48.h3 h6 49.Kd3 Kd5 50.g4 Ke5
51.Ke3 fxg4 52.hxg4 Kf6 53.f4 Kg6 54.Ke4 h5 55.f5+ Kg5 56.gxh5 Kxh5 57.Ke5 b3
58.f6 Kg6 59.Ke6 b2 60.f7 b1=Q 61.f8=Q Qe4+ 62.Kd7 Qxa4+ 63.Kc7 Qc4+ 64.Kb6 Qb4+  0-1

[Event "17th Corsican Circuit Final"]
[Site "Bastia FRA"]
[Date "2013.10.21"]
[Round "2.2"]
[White "Saric,Iv"]
[Black "Bacrot,E"]
[Result "1-0"]
[WhiteElo "2628"]
[BlackElo "2730"]

1.e4 b6 2.d4 Bb7 3.Bd3 Nf6 4.Qe2 e6 5.Nf3 Be7 6.O-O c5 7.c3 Nc6 8.a3 d5 9.e5 Nd7
10.b4 g5 11.Be3 h6 12.Nbd2 Qc7 13.bxc5 bxc5 14.a4 c4 15.Bc2 Qa5 16.Nb1 Rb8
17.Bc1 Ba6 18.Qe3 Qd8 19.Ba3 Na5 20.Bxe7 Qxe7 21.Na3 Nb3 22.Ra2 Nb6 23.Rb1 Nxa4
24.Nxc4 Bxc4 25.Rxa4 Rb5 26.Rb4 Rxb4 27.cxb4 g4 28.Ne1 a5 29.bxa5  1-0

[Event "2nd Karpov Trophy KO"]
[Site "Cap d'Agde FRA"]
[Date "2013.11.02"]
[Round "2.1"]
[White "Karpov,Ana"]
[Black "Bacrot,E"]
[Result "1/2-1/2"]
[WhiteElo "2619"]
[BlackElo "2730"]

1.d4 Nf6 2.c4 g6 3.Nc3 Bg7 4.e4 d6 5.h3 O-O 6.Be3 c5 7.Nf3 cxd4 8.Nxd4 b6
9.Bd3 Bb7 10.O-O Nbd7 11.Rc1 Rc8 12.b3 Nc5 13.f3 e6 14.Bb1 a6 15.Qd2 Qe7
16.Rfe1 Nh5 17.Rcd1 Rfd8 18.Nde2 Qe8 19.Nd4 Qe7 20.Bc2 Qc7 21.Rc1 d5 22.exd5 exd5
23.Nxd5 Bxd5 24.cxd5 Rxd5 25.Qf2 Be5 26.Ne2 Bh2+ 27.Kh1 Ng3+ 28.Kxh2 Nxe2+
29.Kh1 Nxc1 30.Rxc1 Qd7 31.Re1 Re8 32.Bh6 Rxe1+ 33.Qxe1 Qe6 34.Qc1 Qf6 35.b4 g5
36.bxc5 Rxc5 37.Bxg5 Qxg5 38.Qd1 Qd5 39.Qe2 Qc6 40.Bb3 Qc7 41.Kg1 Qe5 42.Qd2 Kg7
43.Kf2 h6 44.Qd7 Qb2+ 45.Ke3 Qf6 46.Kf2 Qb2+ 47.Ke3 Qc1+ 48.Kf2 Qf4 49.g3 Qf6
50.h4 h5 51.Qd2 Rc8 52.Kg2 Rd8 53.Qe3 Rd4 54.Bc2 Rd6 55.Bb3 b5 56.Qc5 Qg6
57.Qe5+ Rf6 58.Qd4 Qf5 59.Bd5 Qc2+ 60.Kh3 Qf5+ 61.Kg2 Qc2+ 62.Kh3 Qf5+  1/2-1/2

[Event "2nd Karpov Trophy KO"]
[Site "Cap d'Agde FRA"]
[Date "2013.11.02"]
[Round "2.4"]
[White "Bacrot,E"]
[Black "Karpov,Ana"]
[Result "1-0"]
[WhiteElo "2730"]
[BlackElo "2619"]

1.d4 Nf6 2.c4 e6 3.Nf3 b6 4.g3 Ba6 5.b3 b5 6.cxb5 Bxb5 7.Bg2 d5 8.O-O Bd6
9.Nc3 Ba6 10.Re1 Nbd7 11.a3 O-O 12.b4 Bb7 13.Nb5 Ne4 14.Nd2 Nb6 15.Nb3 Ba6
16.Nxd6 cxd6 17.a4 Nc3 18.Qd2 Ncxa4 19.Na5 Rc8 20.e4 Nc3 21.e5 dxe5 22.Rxe5 Qe7
23.b5 Nxb5 24.Bf1 Qd7 25.Re1 Nc7 26.Ba3 Rfe8 27.Bxa6 Nxa6 28.Qd3 Nc4 29.Nb3 Qc6
30.Bc5 Nxc5 31.Nxc5 a5 32.Nb3 a4 33.Nc5 a3 34.h4 Rb8 35.h5 h6 36.Rec1 Qd6
37.Qc3 Qe7 38.Nd3 Qg5 39.Ne5 Nxe5 40.dxe5 Ra8 41.Re1 Qxh5 42.Rxa3 Rxa3 43.Qxa3 Qf5
44.Qa4 Rc8 45.Re2 Qf3 46.Re1 Rc4 47.Qa8+ Kh7 48.Qa2 h5 49.Qb2 h4 50.Re3 Qd1+
51.Kg2 Rc1 52.Kh3 Qh1+ 53.Kg4 Rc4+ 54.f4 Qd1+ 55.Rf3 Rc2  1-0

[Event "2nd Karpov Trophy KO"]
[Site "Cap d'Agde FRA"]
[Date "2013.11.02"]
[Round "2.3"]
[White "Karpov,Ana"]
[Black "Bacrot,E"]
[Result "0-1"]
[WhiteElo "2619"]
[BlackElo "2730"]

1.d4 Nf6 2.c4 g6 3.Nc3 Bg7 4.e4 d6 5.h3 O-O 6.Be3 c5 7.Nf3 cxd4 8.Nxd4 b6
9.Bd3 Bb7 10.O-O Nbd7 11.Rc1 Rc8 12.b3 a6 13.Re1 Nc5 14.f3 Nxd3 15.Qxd3 e6
16.Red1 Qe7 17.Nde2 d5 18.cxd5 exd5 19.exd5 Bxd5 20.Bxb6 Bb7 21.Qd6 Qe8 22.Bf2 Rc6
23.Qb4 Ba8 24.Nd4 Rc8 25.Nce2 Nd5 26.Qa5 Bb7 27.Rxc8 Qxc8 28.Rc1 Qb8 29.Qd2 Re8
30.b4 Qd8 31.a3 h5 32.Rc5 Kh7 33.Nc2 Nc3 34.Ned4 Ne2+ 35.Kf1 Bh6 36.Qd3 Nf4
37.Qc4 Bd5 38.Qxa6 Qg5 39.g3 Nxh3 40.Qd3 Rd8 41.f4 Qg4 42.Qe2 Qd7 43.Ne3 Bb7
44.Nec2 Bg7 45.Nf3 Re8 46.Be3 Be4 47.Nce1 Kg8 48.Ne5 Qd8 49.Qc4 Bxe5 50.Rxe5 Rxe5
51.fxe5 Bf5 52.a4 h4 53.Qxh4 Qd5 54.Qd4 Qh1+ 55.Ke2 Qh2+ 56.Kd1 Qxg3 57.b5 Be6
58.a5 Ng5 59.a6 Bg4+ 60.Kc1 Qxe1+ 61.Kb2 Qe2+ 62.Qd2 Qxb5+ 63.Kc3 Qa5+ 64.Kd4 Nf3+  0-1

[Event "15th ch-EUR Indiv 2014"]
[Site "Yerevan ARM"]
[Date "2014.03.13"]
[Round "10.20"]
[White "Bacrot,E"]
[Black "Anton Guijarro,D"]
[Result "0-1"]
[WhiteElo "2739"]
[BlackElo "2559"]

1.d4 Nf6 2.c4 g6 3.Nc3 Bg7 4.e4 d6 5.f3 O-O 6.Nge2 c5 7.d5 e6 8.Ng3 exd5
9.cxd5 a6 10.a4 Ne8 11.Bd3 Nd7 12.O-O Ne5 13.Be2 h5 14.Be3 h4 15.Nh1 f5 16.Qd2 Nf6
17.Nf2 h3 18.Nxh3 fxe4 19.f4 Nf3+ 20.Bxf3 exf3 21.Rxf3 Bg4 22.Rg3 Qd7 23.Ng5 b5
24.h3 Bf5 25.Kh2 b4 26.Nd1 Qb7 27.Nf2 Qxd5 28.Qe2 Qc6 29.Qc4+ Qd5 30.Qe2 Rac8
31.Rd1 Qc6 32.Ng4 Bxg4 33.hxg4 Rfe8 34.Qd3 d5 35.Bxc5 Qxc5 36.Qxg6 Re7 37.Nf3 Qd6
38.Nh4 Qxf4 39.Nf5 Rce8 40.Rd3 Qc7 41.Rf3 Rf8 42.g5 Ng4+ 43.Kh3 Rxf5 44.Rxf5 Ne3
45.Rf2 Qd7+ 46.Kh4 Re6 47.Rf6 Re4+ 48.Kh5 Nxg2  0-1

[Event "11th Balagna Rapid Open 2014"]
[Site "Calvi FRA"]
[Date "2014.05.03"]
[Round "2.1"]
[White "Bacrot,E"]
[Black "Lhostis,Florian"]
[Result "1-0"]
[WhiteElo "2721"]
[BlackElo "1780"]

1.d4 Nf6 2.Nf3 g6 3.g3 Bg7 4.Bg2 d5 5.O-O O-O 6.b3 c5 7.e3 Nc6 8.Bb2 Ne4
9.Nbd2 f5 10.Qe2 Kh8 11.Rfd1 Qb6 12.c4 Nxd2 13.Nxd2 dxc4 14.Nxc4 Qc7 15.dxc5 Be6
16.Bxg7+ Kxg7 17.Qb2+ Kg8 18.Rd2 Rad8 19.Rad1 Rxd2 20.Rxd2 Rd8 21.Bxc6 Rxd2
22.Qxd2 bxc6 23.Qd4 Bxc4 24.Qxc4+ Kg7 25.Qd4+ e5 26.Qd2 Kf6 27.h4 e4 28.b4 Qe5
29.Kg2 h6 30.Qd8+ Qe7 31.Qh8+ Qg7 32.Qc8 Qg8 33.Qxg8  1-0

[Event "11th Balagna Rapid Open 2014"]
[Site "Calvi FRA"]
[Date "2014.05.03"]
[Round "3.1"]
[White "Humeau,C"]
[Black "Bacrot,E"]
[Result "0-1"]
[WhiteElo "2305"]
[BlackElo "2721"]

1.c4 e5 2.g3 Nf6 3.Bg2 d5 4.cxd5 Nxd5 5.Nf3 Nc6 6.O-O Nb6 7.d3 Be7 8.b3 O-O
9.Bb2 f6 10.Nbd2 Bg4 11.Rc1 Qd7 12.Ne4 Rad8 13.Qc2 Bh3 14.Nc5 Bxc5 15.Qxc5 Bxg2
16.Kxg2 Qe6 17.e4 Rxd3 18.Qc2 Rfd8 19.h3 Qd7 20.a3 a5 21.Bc3 Kh8 22.Rfe1 h6
23.Nh4 Kh7 24.Nf5 Nc8 25.b4 axb4 26.axb4 N8e7 27.Ne3 b5 28.Kh2 Nd4 29.Bxd4 Rxd4
30.Qxc7 Rxb4 31.Qc5 Rxe4 32.Red1 Rd4 33.Rxd4 exd4 34.Rd1 Ng6 35.Ng4 d3 36.Rd2 Qd5
37.Qc7 Rd7 38.Qc8 Ne5 39.Nxe5 fxe5 40.Qf8 e4 41.Qb4 Rf7 42.Qb2 Qc4 43.Qb1 b4
44.Kg2 b3 45.Rb2 Rb7 46.Qe1 Qd4 47.Qd2 Rb6 48.h4 Rf6 49.Rxb3 Qd5 50.Qd1 e3+
51.f3 e2 52.Qb1 Qxf3+ 53.Kh3 Qf1+  0-1

[Event "11th Balagna Rapid Open 2014"]
[Site "Calvi FRA"]
[Date "2014.05.03"]
[Round "4.1"]
[White "Bacrot,E"]
[Black "Skripchenko,A"]
[Result "1-0"]
[WhiteElo "2721"]
[BlackElo "2442"]

1.d4 d6 2.e4 Nf6 3.Nc3 g6 4.g3 Bg7 5.Bg2 O-O 6.Nge2 c6 7.h3 e5 8.a4 Na6 9.O-O Nb4
10.a5 Re8 11.Be3 exd4 12.Bxd4 d5 13.Ra4 Qe7 14.exd5 Nbxd5 15.Nxd5 Nxd5 16.Bxg7 Kxg7
17.Re4 Be6 18.Nd4 Qf6 19.Rfe1 Bd7 20.Rxe8 Rxe8 21.Rxe8 Bxe8 22.c3 Nc7 23.Qb3 c5
24.Qxb7 Qd6 25.Nf3 Bc6 26.Qc8 Ne6 27.Ng5 Nxg5 28.Qxc6 Qd1+ 29.Kh2 Qd2 30.Qxc5 a6
31.Qe5+ Kh6 32.Qe3  1-0

[Event "11th Balagna Rapid Open 2014"]
[Site "Calvi FRA"]
[Date "2014.05.03"]
[Round "5.1"]
[White "Massoni,M"]
[Black "Bacrot,E"]
[Result "0-1"]
[WhiteElo "2338"]
[BlackElo "2721"]

1.d4 Nf6 2.Nf3 g6 3.c4 Bg7 4.Nc3 O-O 5.Bf4 d6 6.e3 b6 7.Be2 Bb7 8.O-O Nbd7
9.h3 Ne4 10.Qc2 Nxc3 11.Qxc3 e5 12.Bg5 f6 13.Bh4 g5 14.Bg3 f5 15.Qd2 f4 16.exf4 gxf4
17.Bh4 Qe8 18.d5 Qg6 19.Rfe1 e4 20.Ng5 Ne5 21.Kh1 Bh6  0-1

[Event "11th Balagna Rapid Open 2014"]
[Site "Calvi FRA"]
[Date "2014.05.03"]
[Round "6.1"]
[White "Bacrot,E"]
[Black "Tregubov,P"]
[Result "0-1"]
[WhiteElo "2721"]
[BlackElo "2616"]

1.Nf3 c5 2.c4 Nc6 3.g3 g6 4.Bg2 Bg7 5.Nc3 e6 6.e3 Nge7 7.d4 cxd4 8.Nxd4 Nxd4
9.exd4 d5 10.cxd5 Nxd5 11.Nxd5 exd5 12.O-O O-O 13.Be3 Be6 14.Qb3 Qb6 15.Rfc1 Rfc8
16.Bxd5 Bxd5 17.Qxd5 Rd8 18.Qb3 Qxb3 19.axb3 Bxd4 20.Bxd4 Rxd4 21.Ra4 Rd7
22.Rac4 Rad8 23.Rc7 b6 24.Kf1 Rxc7 25.Rxc7 Rd2 26.Rxa7 Rxb2 27.Ra3 Kg7 28.h4 h5
29.Kg2 b5 30.Ra6 Rxb3 31.Rb6 b4 32.Kf1 Rb2 33.Kg2 b3 34.Kf3 Kf8 35.Rb7 Ke8
36.Ke3 f6 37.Kf3 Kd8 38.Ke3 Kc8 39.Rb6 Kc7 40.Rxf6 Rc2 41.Rf7+ Kc6 42.Rf8 Kb5
43.Rb8+ Ka4 44.f3 Ka3 45.Ra8+ Kb2 46.g4 Rc4 47.Ra6 hxg4 48.Rxg6 gxf3 49.h5 Rh4
50.h6 Rh3 51.Kf2 Kc2 52.Rc6+ Kb1 53.Rb6 b2 54.Rc6 Ka2 55.Ra6+ Kb3 56.Rb6+ Kc3
57.Rc6+ Kd4 58.Rb6 Rxh6 59.Rxh6 b1=Q 60.Rh4+ Kd3 61.Kxf3 Qf1+ 62.Kg4 Ke4
63.Kg5+ Ke5 64.Rg4 Qf6+ 65.Kh5 Qh8+ 66.Kg5 Qd8+ 67.Kg6 Qe8+ 68.Kg5 Qe7+ 69.Kg6 Qd8
70.Rg5+ Kf4 71.Rf5+ Kg4 72.Re5 Qd6+  0-1

[Event "11th Balagna Rapid Open 2014"]
[Site "Calvi FRA"]
[Date "2014.05.03"]
[Round "7.2"]
[White "Burmakin,V"]
[Black "Bacrot,E"]
[Result "0-1"]
[WhiteElo "2578"]
[BlackElo "2721"]

1.d4 Nf6 2.Nf3 g6 3.Bf4 Bg7 4.e3 d6 5.h3 O-O 6.Be2 Nbd7 7.O-O b6 8.a4 Bb7
9.c4 Ne4 10.a5 bxa5 11.Qa4 e5 12.Bh2 exd4 13.exd4 c5 14.Qxa5 cxd4 15.Qxd8 Rfxd8
16.Rd1 Ndc5 17.Ra3 Ne6 18.Nbd2 N4c5 19.b4 Ne4 20.Nxe4 Bxe4 21.Bd3 Bxd3 22.Rdxd3 Rdc8
23.Nd2 Bh6 24.Bxd6 Bxd2 25.Rxd2 Rxc4 26.b5 Rc1+ 27.Kh2 Rb1 28.Ra5 Rd8 29.Be5 Rd5
30.Bf6 Rbxb5 31.Rxa7 Rb8 32.g4 d3 33.Ra3 Nc5 34.Ra5 Re8 35.Kg2 h5 36.Bc3 Red8
37.Bf6 Re8 38.Bc3 Rb8 39.Bf6 Kf8 40.Bb2 hxg4 41.hxg4 Rb4 42.f3 Ra4 43.Rb5 Ke8
44.Bc3 Rc4 45.Ba5 Kd7 46.Rb1 Rc2 47.Bb4 Na6 48.Rf2 Rxf2+ 49.Kxf2 Nxb4 50.Ke3 d2  0-1

[Event "11th Balagna Rapid KO 2014"]
[Site "Calvi FRA"]
[Date "2014.05.04"]
[Round "1.1"]
[White "Bacrot,E"]
[Black "Sorm,D"]
[Result "1-0"]
[WhiteElo "2721"]
[BlackElo "2316"]

1.e4 e5 2.Nf3 Nc6 3.Bb5 Nf6 4.O-O Bc5 5.c3 O-O 6.d4 Bb6 7.Bg5 d6 8.Qd3 h6
9.Bh4 Bd7 10.Nbd2 a6 11.Bc4 Qe7 12.a3 Bg4 13.Rfe1 Rad8 14.h3 Bc8 15.Ba2 Ba7
16.Nf1 Kh7 17.Ne3 g5 18.Bg3 Nh5 19.Nd5 Qd7 20.dxe5 dxe5 21.Bxe5 Nxe5 22.Nxe5 Qd6
23.Ng4 f5 24.exf5 Bxf5 25.Qe2 Rde8 26.Qxe8 Rxe8 27.Rxe8 Ng7 28.Re7 c6 29.Ndf6+  1-0

[Event "11th Balagna Rapid KO 2014"]
[Site "Calvi FRA"]
[Date "2014.05.04"]
[Round "1.2"]
[White "Sorm,D"]
[Black "Bacrot,E"]
[Result "1/2-1/2"]
[WhiteElo "2316"]
[BlackElo "2721"]

1.d4 Nf6 2.c4 e6 3.Nc3 d5 4.cxd5 Nxd5 5.e4 Nxc3 6.bxc3 c5 7.a3 cxd4 8.cxd4 e5
9.d5 Nd7 10.Nf3 Bd6 11.Bd3 Nc5 12.O-O O-O 13.h3 f5 14.Ng5 Nxd3 15.Qxd3 h6
16.Ne6 Bxe6 17.dxe6 fxe4 18.Qxe4 Qe7 19.Rd1 Qxe6 20.Qxb7 Bc5 21.Be3 Bxe3
22.fxe3 Rab8 23.Qd5 Qxd5 24.Rxd5 Rb2 25.Rf1 Rxf1+ 26.Kxf1 Rb3 27.Ra5 Rxe3
28.Rxa7 Kh7 29.a4 Ra3 30.a5 e4 31.a6 Ra2 32.Re7  1/2-1/2

[Event "11th Balagna Rapid KO 2014"]
[Site "Calvi FRA"]
[Date "2014.05.04"]
[Round "2.1"]
[White "Bacrot,E"]
[Black "Burmakin,V"]
[Result "1/2-1/2"]
[WhiteElo "2721"]
[BlackElo "2578"]

1.d4 c6 2.Nf3 d5 3.c4 Nf6 4.Nc3 a6 5.e3 b5 6.b3 Bf5 7.Bd3 e6 8.O-O Be7 9.a4 Bxd3
10.Qxd3 dxc4 11.bxc4 b4 12.Ne4 Nxe4 13.Qxe4 a5 14.Ne5 Qc7 15.c5 O-O 16.Bb2 Ra6
17.Qd3 Ra7 18.f4 Nd7 19.Nc4 Raa8 20.e4 Rad8 21.Qe2 f6 22.e5 fxe5 23.fxe5 Rxf1+
24.Rxf1 Rf8 25.Qg4 Rxf1+ 26.Kxf1 Nf8 27.Ke2 Bd8 28.Nd6 Qd7 29.h4 Bc7 30.h5 h6
31.Bc1 Bxd6 32.exd6 Kh8 33.Qh4 Nh7 34.Qe7 Qxe7 35.dxe7 Nf6 36.Bf4 Kg8 37.Bc7 Kf7
38.Bxa5 b3 39.Kd3 Kxe7 40.Bc7 Kd7 41.Bd6 Kc8 42.Kc3 Nxh5 43.Kxb3 Kb7 44.Kc4 Ka6
45.Bc7 Nf6 46.g3 Nd7 47.Kd3 Kb7 48.Bd6 Ka6 49.Bc7 Kb7 50.Bd8 e5 51.Ke4 exd4
52.Kxd4 h5 53.Be7 Ka6 54.Bd8 g6 55.Bc7 Kb7 56.Bd8 Ka6 57.Ke4  1/2-1/2

[Event "11th Balagna Rapid KO 2014"]
[Site "Calvi FRA"]
[Date "2014.05.04"]
[Round "2.2"]
[White "Burmakin,V"]
[Black "Bacrot,E"]
[Result "0-1"]
[WhiteElo "2578"]
[BlackElo "2721"]

1.d4 Nf6 2.Nf3 g6 3.Bf4 Bg7 4.e3 d6 5.h3 O-O 6.Be2 b6 7.O-O Bb7 8.a4 Nbd7
9.Bh2 c5 10.c3 a6 11.Na3 d5 12.b4 Ne4 13.Qb3 c4 14.Qb2 Rc8 15.Nb1 f6 16.Nbd2 Nd6
17.b5 a5 18.Qa3 Qc7 19.Ne1 e5 20.Nc2 Rfe8 21.Rae1 Bf8 22.Qc1 Qd8 23.Bg4 f5
24.Bd1 Nf7 25.f4 exd4 26.exd4 Nf6 27.Rxe8 Qxe8 28.Nf3 Ne4 29.Re1 Qd7 30.Re3 Re8
31.Nce1 h5 32.Qb2 Bh6 33.Re2 Qe7 34.Ne5 Nxe5 35.fxe5 Bc8 36.Bc2 Rf8 37.Bb1 g5
38.Bxe4 dxe4 39.Qd2 Bb7 40.h4 f4 41.hxg5 Bxg5 42.Qa2 Bd5 43.Qc2 Qh7 44.Rf2 Bh4
45.Rf1 f3 46.gxf3 exf3 47.Qxh7+ Kxh7  0-1

[Event "11th Balagna Rapid KO 2014"]
[Site "Calvi FRA"]
[Date "2014.05.04"]
[Round "3.1"]
[White "Bacrot,E"]
[Black "Fressinet,L"]
[Result "1-0"]
[WhiteElo "2721"]
[BlackElo "2711"]

1.d4 Nf6 2.c4 e6 3.Nf3 Bb4+ 4.Bd2 a5 5.Nc3 d5 6.e3 O-O 7.Bd3 dxc4 8.Bxc4 b6
9.O-O Bb7 10.Qe2 Nbd7 11.Rfd1 Qe7 12.a3 Bxc3 13.Bxc3 Ne4 14.Be1 Nd6 15.Bd3 c5
16.Rac1 Rfd8 17.Bb1 Rac8 18.dxc5 Nxc5 19.b4 axb4 20.Bxb4 h6 21.e4 Ba6 22.Qe1 Nc4
23.h3 Rxd1 24.Rxd1 Rd8 25.Bc2 Qc7 26.e5 Bb7 27.Rxd8+ Qxd8 28.Bxc5 bxc5 29.Qc3 Bxf3
30.Qxf3 Nxe5 31.Qe4 Ng6 32.Qc4 Qa5 33.Bxg6 fxg6 34.Qxe6+ Kh7 35.Qb3 Qe1+
36.Kh2 Qxf2 37.Qc4 Qe3 38.a4 Qe5+ 39.Kg1 Qe1+ 40.Kh2 h5 41.Qxc5 Qe4 42.a5 Qf4+
43.Kg1 Qc1+ 44.Qxc1  1-0